Valuing the business (Record no. 75543)

MARC details
000 -LEADER
fixed length control field 01328cab a2200181 4500
001 - CONTROL NUMBER
control field L130311
008 - FIXED-LENGTH DATA ELEMENTS--GENERAL INFORMATION
fixed length control field 050714n2005 000 0 eng u
035 ## - SYSTEM CONTROL NUMBER
System control number (Sirsi) u130311
041 ## - LANGUAGE CODE
Language code of text/sound track or separate title eng
100 ## - MAIN ENTRY--PERSONAL NAME
Personal name Ives, Paul
245 ## - TITLE STATEMENT
Title Valuing the business
260 ## - PUBLICATION, DISTRIBUTION, ETC.
Date of publication, distribution, etc. 2005
490 ## - SERIES STATEMENT
Series statement Letting Update Journal
Volume/sequential designation 13(2) July 2005, 18-19(2)
520 ## - SUMMARY, ETC.
Summary, etc. Explores the options and issues involved with valuing a letting business in the last article in a series examining different aspects of developing and running a profitable property management business. Suggests that there are some valuation guidelines within the industry such as the value of the business being acquired is increased considerably if it can be carried out from the purchaser's exisiting offices. But valuation of a business is not an exact science. Describes the five steps that Leaders, an acquisitive specialist letting agent, follows to determine what should be paid for a business. Discusses the importance of the quality of an acquisition, making sure that the consideration for the business is actually paid, earnout arrangements and due diligence. Outlines a range of business valuation methods and provides further sources of information.
590 ## - LOCAL NOTE (RLIN)
Local note IKA190705
690 ## - LOCAL SUBJECT ADDED ENTRY--TOPICAL TERM (OCLC, RLIN)
Topical term or geographic name as entry element PROPERTY-RESIDENTIAL PROPERTY-RESIDENTIAL PROPERTY AGENCY
942 ## - ADDED ENTRY ELEMENTS (KOHA)
Suppress in OPAC 0
Holdings
Withdrawn status Lost status Source of classification or shelving scheme Damaged status Not for loan Home library Current library Shelving location Date acquired Total Checkouts Full call number Barcode Date last seen Copy number Price effective from Koha item type
    Dewey Decimal Classification     London London Journal article 14/07/2005   L130311 130311-1001 06/08/2019 1 06/08/2019 Journal article